000
00315nam a2200133Ia 4500
005
20260328104303.0
008
260328s9999||||xx |||||||||||||| ||und||
100
_a
Mozzati, Lucas
245
0
_a
Roma e Cittá del Vaticano /
_c
Lucas Mozzati
260
_b
Electa
300
_a
200 p.
650
_a
ROMA
942
_c
BK
999
_c
10649
_d
10649